<?xml version="1.0" encoding="UTF-8"?>
<record
    xmlns:xsi="http://www.w3.org/2001/XMLSchema-instance"
    xsi:schemaLocation="http://www.loc.gov/MARC21/slim http://www.loc.gov/standards/marcxml/schema/MARC21slim.xsd"
    xmlns="http://www.loc.gov/MARC21/slim">

  <leader>01982nam a2200289Ia 4500</leader>
  <controlfield tag="001">H9059</controlfield>
  <controlfield tag="003">IT-RoPAU</controlfield>
  <controlfield tag="008">130308s9999    xx            000 0 und d</controlfield>
  <datafield tag="040" ind1=" " ind2=" ">
    <subfield code="a">IT-RoPAU</subfield>
  </datafield>
  <datafield tag="040" ind1=" " ind2=" ">
    <subfield code="c">IT-RoPAU</subfield>
  </datafield>
  <datafield tag="041" ind1=" " ind2=" ">
    <subfield code="a">ITALIANO</subfield>
  </datafield>
  <datafield tag="100" ind1=" " ind2=" ">
    <subfield code="a">Ferri Gabriele</subfield>
  </datafield>
  <datafield tag="100" ind1=" " ind2=" ">
    <subfield code="g">Codice Aut. SPICS: 59621</subfield>
  </datafield>
  <datafield tag="245" ind1=" " ind2=" ">
    <subfield code="a">Cibo officinale (Il). Un farmaco di automedicazione piacevole</subfield>
  </datafield>
  <datafield tag="245" ind1=" " ind2=" ">
    <subfield code="b">Discorso della salute (Il). Verso una sociosemiotica Medica</subfield>
  </datafield>
  <datafield tag="250" ind1=" " ind2=" ">
    <subfield code="a">1a ed.</subfield>
  </datafield>
  <datafield tag="260" ind1=" " ind2=" ">
    <subfield code="a">ROMA</subfield>
  </datafield>
  <datafield tag="260" ind1=" " ind2=" ">
    <subfield code="b">Meltemi</subfield>
  </datafield>
  <datafield tag="260" ind1=" " ind2=" ">
    <subfield code="c">2005 [1&#xB0; Ed.:2005 - Ed.Ling.Originale:2005]</subfield>
  </datafield>
  <datafield tag="300" ind1=" " ind2=" ">
    <subfield code="a">"15 p. (prefazione: no ; testo: 15 [pagine: 311-326])"</subfield>
  </datafield>
  <datafield tag="500" ind1=" " ind2=" ">
    <subfield code="a">"Introduzione: Viveresani e belli   settimanale di salute e Bellezza; Considerazioni Preliminari Sul Corpus, Descrizione Generale; Elementi Omessi Dalcorpus. Perche' studiare cibo Officinale? Sulla convergenza dei Discorsi Ealcune Definizioni dal Vocabolario: Testi di Tipo Medico; riviste di Bellezza; Benessere; Discorso Medico Alimentare; breve Incursione nell'Ambito Giornalistico; Non Burdening in Ambito Medico Alimentare; Alcune Questioni Intertestuali e Interoggettuali; benessere un Termine Ponte. Semantica del Benessere: verifica Preliminare, Isotopie; Attualit&#xE0; e Benessere; Primo Ponte da salute a bellezza e Ritorno; Secondo Ponte Sano, Bello, Alimentare; Malesseri, Disturbi e Inestetismi; Sano, Bello, Sano e bello e Sano &#xE8; Bello;Valori nel testo . temi e figure Alimentari: cibo Officinale di Automedicazione. piacere Gastronomico &#xE8; sotto Ombrello del Benessete?: Sulidamor, Come test per cibo Officinale; Variabilit&#xE0; del benessere tra salute e Gastronomia; benessere Gastronomico. Alcune Questioni di Semiotica Interpretativa:Lettore Modello; una Ricetta Come Richiesta di cooperazione col testo ; Unacura Reader Oriented? farmaco di Automedicazione Piacevole."</subfield>
  </datafield>
  <datafield tag="650" ind1=" " ind2=" ">
    <subfield code="a">SAGGI DI SEMIOLOGIA</subfield>
  </datafield>
  <datafield tag="650" ind1=" " ind2=" ">
    <subfield code="e">Codice materia Spics: 3257</subfield>
  </datafield>
  <datafield tag="942" ind1=" " ind2=" ">
    <subfield code="c">BK</subfield>
  </datafield>
  <datafield tag="957" ind1=" " ind2=" ">
    <subfield code="7">1</subfield>
  </datafield>
  <datafield tag="999" ind1=" " ind2=" ">
    <subfield code="c">78378</subfield>
    <subfield code="d">78378</subfield>
  </datafield>
  <datafield tag="999" ind1=" " ind2=" ">
    <subfield code="g">1</subfield>
  </datafield>
  <datafield tag="952" ind1=" " ind2=" ">
    <subfield code="0">0</subfield>
    <subfield code="1">0</subfield>
    <subfield code="4">0</subfield>
    <subfield code="6">H_000000000000000_9059</subfield>
    <subfield code="7">1</subfield>
    <subfield code="a">SPICS</subfield>
    <subfield code="b">SPICS</subfield>
    <subfield code="d">2013-03-08</subfield>
    <subfield code="l">0</subfield>
    <subfield code="o">H9059</subfield>
    <subfield code="r">2013-03-08 00:00:00</subfield>
    <subfield code="w">2013-03-08</subfield>
    <subfield code="y">BK</subfield>
    <subfield code="z">Progressivo inserimento:  6370 /  N. Volumi: 0 [=Contributo] Copie: 1  / data import: 1 marzo 2013 - By Epidotti, Trombetti, Vaglietti. </subfield>
  </datafield>
</record>
